School leaver migration in Zambia: the geographical distribution and movements of participants in the 1971 and 1973 form v school leaver trace studies (Record no. 57055)
[ view plain ]
| 000 -LEADER | |
|---|---|
| fixed length control field | 00934nam a2200193 a 4500 |
| 008 - FIXED-LENGTH DATA ELEMENTS--GENERAL INFORMATION | |
| fixed length control field | 091201s1979 ||||||||||||||||| || u |
| 050 ## - LIBRARY OF CONGRESS CALL NUMBER | |
| Classification number | UNZA-IAS(08)MPRR |
| 100 ## - MAIN ENTRY--PERSONAL NAME | |
| Personal name | Jackman, M. E |
| 245 10 - TITLE STATEMENT | |
| Title | School leaver migration in Zambia: the geographical distribution and movements of participants in the 1971 and 1973 form v school leaver trace studies |
| Statement of responsibility, etc. | By M.E. Jackman, J.H. Case, P.S. Dow and C.P. Shaw |
| 260 ## - PUBLICATION, DISTRIBUTION, ETC. | |
| Place of publication, distribution, etc. | Lusaka |
| Name of publisher, distributor, etc. | University of Zambia Institute for African Studies |
| Date of publication, distribution, etc. | 1979 |
| 300 ## - PHYSICAL DESCRIPTION | |
| Extent | i60p. |
| 350 ## - PRICE (NR) (BK AM CF MU VM SE) [OBSOLETE] | |
| Price | 0.00 |
| 490 ## - SERIES STATEMENT | |
| Series statement | Manpower research reports |
| 500 ## - GENERAL NOTE | |
| General note | Manpower research report no.2 |
| 650 ## - SUBJECT ADDED ENTRY--TOPICAL TERM | |
| Topical term or geographic name entry element | EDUCATION, SECONDARY--ZAMBIA |
| 650 ## - SUBJECT ADDED ENTRY--TOPICAL TERM | |
| Topical term or geographic name entry element | UNEMPLOYMENT--SCHOOL LEAVERS--ZAMBIA |
| 710 ## - ADDED ENTRY--CORPORATE NAME | |
| Corporate name or jurisdiction name as entry element | University of Zambia. Institute for African Studies |
| 995 ## - RECOMMENDATION 995 [LOCAL, UNIMARC FRANCE] | |
| -- | 0.00 |
| -- | CBU-MAIN LIBRARY (Kitwe) |
| -- | 1 |
| -- | 0.00 |
| -- | 2 |
| -- | AVAILABLE |
| -- | Dec 1, 2009 |
| -- | Zambiana Collection |
| Withdrawn status | Lost status | Source of classification or shelving scheme | Damaged status | Not for loan | Home library | Current library | Shelving location | Date acquired | Total Checkouts | Full call number | Barcode | Date last seen | Price effective from | Koha item type |
|---|---|---|---|---|---|---|---|---|---|---|---|---|---|---|
| CBU-MAIN LIBRARY, KITWE. | CBU-MAIN LIBRARY, KITWE. | 11/30/2022 | UNZA-IAS(08)MPRR | Z03004908 | 11/30/2022 | 11/30/2022 | MONOGRAPH |